Online Catalogue and eLibrary

Law and the marriage relationship in Sri Lanka (Record no. 2831)

MARC details
000 -LEADER
fixed length control field 00472nam a2200181Ia 4500
005 - DATE AND TIME OF LATEST TRANSACTION
control field 20240605064814.0
008 - FIXED-LENGTH DATA ELEMENTS--GENERAL INFORMATION
fixed length control field 240331s9999 xx 000 0 und d
020 ## - INTERNATIONAL STANDARD BOOK NUMBER
ISBN 955552016x
082 ## - DDC Classification
Item Number - Author Mark PON
Class No. 346
100 ## - MAIN ENTRY--PERSONAL NAME
Personal name Ponnambalam, Shirani
245 #0 - TITLE STATEMENT
Title Law and the marriage relationship in Sri Lanka
250 ## - EDITION STATEMENT
Edition statement 2 nd
260 ## - PUBLICATION, DISTRIBUTION, ETC.
Place of publication, distribution, etc. Colombo
Name of publisher, distributor, etc. Lake House Investments Ltd
Date of publication, distribution, etc. 1987
300 ## - PHYSICAL DESCRIPTION
Extent (e.g. Volumes, Pages etc.) xv, 482 p .,
650 ## - SUBJECT ADDED ENTRY--TOPICAL TERM
Topical term or geographic name entry element Law
650 ## - SUBJECT ADDED ENTRY--TOPICAL TERM
Topical term or geographic name entry element marriage Relationship
942 ## - Koha item type (Biblio)
Koha item type Books in Stacks (Lending)
Holdings
Lost status Damaged status Collection code Home library Current library Shelving location Date acquired Full call number Accession Number Item type
    Lending WERC Library WERC Library Social Science Cupboard 03/31/2024 346 PON 1082 Books in Stacks (Lending)

© WERC Library